Регионална библиотека "Любен Каравелов" - Русе

Приключения в пустинята (Запис номер 172582)

MARC детайли
000 -Лидер
Контролно поле с фиксирана дължина 01192nam a2200313 c 4500
003 - Код на организацията, давaща контролен номер
Контролно поле BLK
005 - Дата и час на последна редакция
Контролно поле 20230506024440.0
008 - Елементи от данни с фиксирана дължина
fixed length control field 180411b bul|||||r ||||||| ||bul||
010 ## - Наследен системен номер
LC control number KNG00180920000
020 ## - Международен стандартен номер на книга ISBN
Международен стандартен номер на книга ISBN 954-8004-09-7
-- издат.: Абагар-МК'90
040 ## - Източник на каталожния запис
Идентификатор на билиотеката - собственик на записа BLK
041 ## - Код за език
Код за езика на текст/звукозапис или на отделно заглавие Български
Код за езика КДБФ Български
080 ## - УДК
Текстов определител УДК Английска литература
УДК код - определител по УДК 821.111
УДК определител -93-31
УДК - код + определител 821.111-93-31
100 1# - Редна дума - Автор
Автор Рид, Томас Майн
Дати, свързани с автора 1818-1883
Авторска отговорност първи автор
R(LIN) 365222
139 ## - Редно поле
Редна дума Рид, Томас Майн
Авторски знак Рид - Р 59
245 10 - Сведения за заглавието
Заглавие Приключения в пустинята
Подзаглавни данни Роман за юноши
Редно поле (дума) Томас Майн Рид; прев. от англ. Ст. Фролов.
250 ## - Област на изданието
Сведения за изданието 2. осъвр. изд.
257 ## - Страна на издаване
Страна на създаване/издаване България
260 ## - Област на издателските данни
-- София
Име на издателя, разпространителя и проч. Абагар-МК'90
Година на издаване 1992
Печатница Враца : ДФ Полипринт
300 ## - Физическа характеристика
Страници 132 с.
Размери/Мащаб 20см
380 ## - Жанр
Жанр Худож. лит.
500 ## - Общи забележки
Забележка 1. изд. 1946 на изд. Мадара. - 20 000 тир.
700 1# - Други автори (авторска отговорност)
Лично име Фролов, Ст.
Автороска отговорност (Описва отношението между автора и произведението) прев. от англ.
9 (RLIN) 382926
852 ## - Местоположение
Форматна сигнатура Цб 167063
856 4# - Електронен адрес и достъп
Електронен формат pdf - файл
Път до файла /url/
856 4# - Електронен адрес и достъп
Електронен формат pdf - файл
Път до файла /url/
942 ## - АРТИКУЛИ
Вид на библиотечния материал Книги
Скрит в OPAC Не
944 ## - СЪЗДАВАНЕ И РЕДАКЦИЯ на ЗАПИСА
Създаване/Редакция Създаване
Дата на регистрацията/редакция 03.09.2015
Служител, извършил регистрацията/редакцията Правда_Бадева
944 ## - СЪЗДАВАНЕ И РЕДАКЦИЯ на ЗАПИСА
Създаване/Редакция Редакция
Дата на регистрацията/редакция 03.09.2015
Служител, извършил регистрацията/редакцията Правда_Бадева
999 ## - СИСТЕМНИ КОНТРОЛНИ НОМЕРА
Koha biblionumber 172582
Koha biblioitemnumber 172582
Наличности
Код за отписване Код за изгубен артикул Източник на класификационната схема Код за повреда Коз за рестрикции Код за отдаване Артикулен № Име на библиотеката - собственик Име на библиотеката, в която се намира в момента Статус (Текущо местоположение) Дата на вписване в системата Местоположение - отдел Цена в лева Инвентарен номер Систематично азбучна сигнатура Баркод Номер на екземпляра Цена в евро Служебна бележка Служебен тип на артикула Бележка за публиката
  Не е изгубен Universal Decimal Classification Не е повреден без рестрикции ползва се в читалня 294122 Регионална библиотека "Любен Каравелов" Русе Регионална библиотека "Любен Каравелов" Русе Хранилище 1992-01-01 Хранилище 0.00 565237 Цб 167063 120000565237 1 0.00 N: стар фонд Дата: 01.01.1992 Книги  
Изтеглен Не е изгубен Universal Decimal Classification Не е повреден без рестрикции заемане за дома 294123 Регионална библиотека "Любен Каравелов" Русе Регионална библиотека "Любен Каравелов" Русе Заемна - подръчен фонд 1992-01-01 Заемна - подръчен фонд 8.99 562863 П 820-31/Р 59 562863 2 4.60 N: стар фонд Дата: 01.01.1992 Книги  
Изтеглен Не е изгубен Universal Decimal Classification Не е повреден без рестрикции заемане за дома 294124 Регионална библиотека "Любен Каравелов" Русе Регионална библиотека "Любен Каравелов" Русе Заемна - подръчен фонд 1992-01-01 Заемна - подръчен фонд 8.99 562864 П 820-31/Р 59 562864 3 4.60 N: стар фонд Дата: 01.01.1992 Книги  
Изтеглен Не е изгубен Universal Decimal Classification Не е повреден без рестрикции заемане за дома 294125 Регионална библиотека "Любен Каравелов" Русе Регионална библиотека "Любен Каравелов" Русе Заемна - подръчен фонд 1992-01-01 Заемна - подръчен фонд 8.99 562865 П 820-31/Р 59 562865 4 4.60 N: стар фонд Дата: 01.01.1992 Книги  
  Не е изгубен Universal Decimal Classification Не е повреден без рестрикции заемане за дома 294126 Регионална библиотека "Любен Каравелов" Русе Регионална библиотека "Любен Каравелов" Русе Детски отдел 1992-01-01 Детски отдел 0.99 562867 ДХ 820/899/Р 59 120000562867 5 0.51 N: стар фонд Дата: 01.01.1992 Дата инв: 14.09.2015 Бележки инв: Д2015 Книги  
Изтеглен Не е изгубен   Не е повреден без рестрикции заемане за дома 294127 Регионална библиотека "Любен Каравелов" Русе Регионална библиотека "Любен Каравелов" Русе   1992-01-01 Детски отдел 0.99 562871 ДХ 820/899/Р 59 562871 6 0.51 N: стар фонд Дата: 01.01.1992 Дата инв: 14.09.2015 Бележки инв: Д2015 Книги Отч.N: 47/2017 , Дата: 05.10.2017
Изтеглен Не е изгубен   Не е повреден без рестрикции заемане за дома 294128 Регионална библиотека "Любен Каравелов" Русе Регионална библиотека "Любен Каравелов" Русе   1992-01-01 Детски отдел 0.99 562872 ДХ 820/899/Р 59 562872 7 0.51 N: стар фонд Дата: 01.01.1992 Дата инв: 14.09.2015 Бележки инв: Д2015 Книги Отч.N: 47/2017 , Дата: 05.10.2017
Изтеглен Не е изгубен   Не е повреден без рестрикции заемане за дома 294129 Регионална библиотека "Любен Каравелов" Русе Регионална библиотека "Любен Каравелов" Русе   1992-01-01 Детски отдел 0.63 603759 ДХ 820/899/Р 59 603759 8 0.32 N: стар фонд Дата: 01.01.1992 Дата инв: 14.09.2015 Бележки инв: Д2015 Книги Отч.N: 48/17 , Дата: 06.10.2017
Vip Innovations Ltd, Rousse, Bulgaria 2025